[Event "It (cat.6)"]
[Site "masterchessopen.com Gausdal (Norway)"]
[Round "6"]
[White "Solozhenkin Evgeniy (RUS)"]
[Black "Elsness Frode (NOR)"]
[Result "1-0"]
[WhiteElo "2495"]
[BlackElo "2408"]

1.d4 Nf6 2.c4 g6 3.g3 Bg7 4.Bg2 d5 5.cxd5 Nxd5 6.e4 Nb6 7.Ne2 e5 8.d5 O-O
9.Nbc3 c6 10.O-O Na6 11.b3 cxd5 12.exd5 f5 13.Ba3 Rf7 14.Qd2 Be6 15.dxe6 Qxd2
16.exf7+ Kxf7 17.Rad1 Qg5 18.Bxb7 Nc7 19.Bxa8 Ncxa8 20.Nb5 h5 21.h4 Qg4 22.f3
Qh3 23.Rf2 f4 24.Nd6+ Kg8 25.Ne4 Qc8 26.gxf4 Nc7 27.fxe5 Bxe5 28.Rg2 Nbd5
29.Rxg6+ Kh8 30.Rg5 Qe8 31.Kf2 Nf6 32.Nd6 Bxd6 33.Rxd6 Ne6 34.Bb2 Qe7 35.Rxe6
Qxe6 36.Rg6 {#r} 1-0

[Event "It"]
[Site "masterchessopen.com Goteborg (Sweden)"]
[Round "6"]
[White "Aaberg Anton (SWE)"]
[Black "Kallio Heikki (FIN)"]
[Result "1-0"]
[WhiteElo "2388"]
[BlackElo "2517"]

1.d4 Nf6 2.c4 g6 3.g3 d5 4.cxd5 Nxd5 5.Bg2 Bg7 6.e4 Nb6 7.Ne2 e5 8.d5 c6
9.Nbc3 O-O 10.O-O cxd5 11.exd5 Na6 12.b3 f5 13.Ba3 Rf7 14.Qd2 f4 15.f3 Nc7
16.Rad1 Bd7 17.Rfe1 Rc8 18.Bb2 Qf8 19.gxf4 exf4 20.d6 Ne6 21.Ne4 h6 22.a4 Rc6
23.a5 Nc8 24.Bxg7 Qxg7 25.Nd4 Nxd4 26.Qxd4 Rc2 27.Bf1 Kh7 28.Qxg7+ Kxg7 29.Rc1
Rxc1 30.Rxc1 Bc6 31.Bh3 Rf8 32.a6 Nb6 33.axb7 Bxe4 34.fxe4 Rb8 35.e5 g5 36.Bc8
Kg6 37.Rc7 Na8 38.Re7 f3 39.d7 Kf5 40.d8=Q+ {#r} 1-0

[Event "It (open)"]
[Site "masterchessopen.com Graz (Austria)"]
[Round "8"]
[White "Niklasch Oliver (GER)"]
[Black "Bogdanov Valentin (UKR)"]
[Result "0-1"]
[WhiteElo "2349"]
[BlackElo "2384"]

1.d4 Nf6 2.c4 g6 3.g3 Bg7 4.Bg2 d5 5.cxd5 Nxd5 6.e4 Nb6 7.Ne2 h5 8.h3 c5 9.d5
e6 10.Nbc3 exd5 11.exd5 Bf5 12.O-O Na6 13.a4 Nb4 14.Be3 Rc8 15.a5 Nc4 16.d6
Bc2 17.Qc1 O-O 18.Bxb7 Rb8 19.a6 Nxe3 20.Qxe3 Qxd6 21.Nb5 Qb6 {#R} 0-1

[Event "Cup Yugoslavia (team)"]
[Site "masterchessopen.com Herceg Novi (Montenegro)"]
[Round "6"]
[White "Ilincic Zlatko (SRB)"]
[Black "Nestorovic Dejan (SRB)"]
[Result "1-0"]
[WhiteElo "2521"]
[BlackElo "2428"]

1.d4 Nf6 2.c4 g6 3.g3 Bg7 4.Bg2 d5 5.cxd5 Nxd5 6.e4 Nb6 7.Ne2 O-O 8.O-O e5
9.d5 c5 10.Be3 Na6 11.Nd2 Bd7 12.a4 Nc8 13.Nc4 Nb6 14.Na5 Rb8 15.Nc3 Nc8
16.Nc4 b6 17.f4 f6 18.fxe5 fxe5 19.Qd2 Rxf1+ 20.Rxf1 Bxa4 21.Nxa4 b5 22.Na5
{#r} 1-0

[Event "It (open) \"]
[Site "masterchessopen.com Kavala (Greece)"]
[Round "2"]
[White "Vouldis Angelos (GRE)"]
[Black "Ignat Diana (ROM)"]
[Result "1-0"]
[WhiteElo "2508"]
[BlackElo "2105"]

1.d4 Nf6 2.c4 g6 3.g3 Bg7 4.Bg2 d5 5.cxd5 Nxd5 6.e4 Nb6 7.Ne2 O-O 8.O-O Nc6
9.d5 Na5 10.Nbc3 c6 11.h3 cxd5 12.exd5 e6 13.d6 Nac4 14.b3 Na5 15.Be3 Bd7
16.Qd2 Bc6 17.Rac1 Bxg2 18.Kxg2 Nc6 19.Rfd1 Nd7 20.Bh6 Qf6 21.Bxg7 Kxg7 22.Ne4
Qf5 23.Qe3 Rfd8 24.Nd4 Nxd4 25.Rxd4 e5 26.Rd2 Rac8 27.Rc7 Nf6 28.Nxf6 Qxf6
29.Rxc8 Rxc8 30.Qxa7 Rd8 31.Qc5 e4 32.d7 Qf3+ 33.Kg1 Qf6 34.h4 b6 35.Qd5 Qe7
36.h5 f6 37.Kg2 e3 38.fxe3 Qxe3 39.a4 Qe7 40.Kf2 Kf8 41.h6 Qe5 42.Qxe5 fxe5
43.Ke3 Ke7 44.Ke4 Ke6 45.b4 {#r} 1-0

[Event "Ch Europe"]
[Site "masterchessopen.com Ohrid (Macedonia)"]
[Round "6"]
[White "Grabarczyk Miroslaw (POL)"]
[Black "Brendel Oliver (GER)"]
[Result "1-0"]
[WhiteElo "2489"]
[BlackElo "2380"]

1.d4 Nf6 2.c4 g6 3.g3 Bg7 4.Bg2 d5 5.cxd5 Nxd5 6.e4 Nb6 7.Ne2 e5 8.d5 O-O
9.O-O c6 10.Nbc3 cxd5 11.exd5 Na6 12.b3 f5 13.Ba3 Rf7 14.Qd3 Be6 15.dxe6 {#r}
1-0

[Event "Cup European Club (final)"]
[Site "masterchessopen.com Panormo (Greece)"]
[Round "5"]
[White "Kutirov Rolando (MKD)"]
[Black "Goriachnik Dmitry (MDA)"]
[Result "1-0"]
[WhiteElo "2390"]
[BlackElo "2226"]

1.d4 Nf6 2.c4 g6 3.g3 Bg7 4.Bg2 d5 5.cxd5 Nxd5 6.e4 Nb6 7.Ne2 O-O 8.O-O e5
9.d5 Nc4 10.b3 Nd6 11.Bb2 Nd7 12.Nd2 b5 13.Rc1 a5 14.Rc2 Ba6 15.Re1 b4 16.Nc1
Qb8 17.Bf1 Bxf1 18.Rxf1 f5 19.Qe2 Qa7 20.Nd3 Rfe8 21.Kg2 fxe4 22.Nxe4 Qb7
23.Rc6 Nb5 24.Ndc5 Nxc5 25.Nxc5 Qb8 26.Ne6 Nd4 27.Bxd4 exd4 28.Qc4 Re7 29.d6
cxd6 30.Nc7+ Kh8 31.Nxa8 Qxa8 32.Rc1 Be5 33.Qd5 Kg7 34.f4 Bf6 35.Qxd6 Rf7
36.Kf2 Qe8 37.Re1 Qd7 38.Re6 Qxd6 39.Rexd6 h6 40.h4 g5 41.hxg5 hxg5 42.Ke2
gxf4 43.gxf4 Re7+ 44.Re6 {#r} 1-0

[Event "It (open)"]
[Site "masterchessopen.com Ubeda (Spain)"]
[Round "5"]
[White "Kacheishvili Giorgi (GEO)"]
[Black "Simonenko Sergei (TKM)"]
[Result "0-1"]
[WhiteElo "2583"]
[BlackElo "2403"]

1.d4 Nf6 2.c4 g6 3.g3 Bg7 4.Bg2 d5 5.cxd5 Nxd5 6.e4 Nb6 7.Ne2 c5 8.d5 e6 9.O-O
exd5 10.exd5 O-O 11.Nec3 Na6 12.Nd2 Bf5 13.Nde4 Qd7 14.Bg5 Bxe4 15.Nxe4 f5
16.Nc3 Rfe8 17.d6 Nb4 18.Re1 Nc4 19.Re7 Qxd6 20.Rxb7 Nd3 21.Nb5 {#R} 0-1

[Event "It (open)"]
[Site "masterchessopen.com Bled (Slovenia)"]
[Round "8"]
[White "Rodman Franc (SLO)"]
[Black "Kukovec Borut (SLO)"]
[Result "1-0"]
[WhiteElo "2200"]
[BlackElo "2179"]

1.d4 Nf6 2.c4 g6 3.g3 Bg7 4.Bg2 d5 5.cxd5 Nxd5 6.e4 Nb6 7.Ne2 c5 8.d5 e6 9.O-O
exd5 10.exd5 O-O 11.Nbc3 Bf5 12.b3 Na6 13.Be3 Rc8 14.Rc1 Nb4 15.Ne4 Bxe4
16.Bxe4 Qe7 17.Bg2 Rfd8 18.Nf4 g5 19.Nd3 N4xd5 20.Bxc5 Rxc5 21.Rxc5 Nb4 22.Qe1
Qd6 23.Qxb4 Qxd3 24.Rxg5 {#r} 1-0

[Event "Olympiad"]
[Site "masterchessopen.com Bled (Slovenia)"]
[Round "10"]
[White "Dautov Rustem (GER)"]
[Black "Navara David (CZE)"]
[Result "1-0"]
[WhiteElo "2604"]
[BlackElo "2580"]

1.d4 Nf6 2.c4 g6 3.g3 d5 4.cxd5 Nxd5 5.Bg2 Bg7 6.e4 Nb6 7.Ne2 c5 8.d5 e6
9.Nbc3 exd5 10.Nxd5 O-O 11.O-O Bg4 12.h3 Bxe2 13.Qxe2 Nc6 14.Qb5 Nxd5 15.exd5
Nd4 16.Qxc5 Qd7 17.Bg5 Qf5 18.Be7 Rfc8 19.Qa5 Rc2 20.Qa4 b5 21.Qa6 Ne2+ 22.Kh1
Bd4 23.Qb7 Re8 24.d6 Bxf2 25.Bh4 Re3 26.d7 Nxg3+ 27.Bxg3 Rxg3 28.Qb8+ {#r} 1-0

[Event "It (open) \"]
[Site "masterchessopen.com Copenhagen (Denmark)"]
[Round "10"]
[White "Bekker-Jensen David (DEN)"]
[Black "Naes Flovin Tor (FAI)"]
[Result "0-1"]
[WhiteElo "2338"]
[BlackElo "2283"]

1.d4 Nf6 2.c4 g6 3.g3 d5 4.cxd5 Nxd5 5.Bg2 Bg7 6.e4 Nb6 7.Ne2 e5 8.d5 c6 9.O-O
O-O 10.Nbc3 Na6 11.b3 cxd5 12.exd5 f5 13.Ba3 Rf7 14.Qd2 h5 15.d6 Be6 16.Nd5
Nxd5 17.Bxd5 Qe8 18.Rfe1 Kh7 19.Rad1 Rd8 20.Nf4 Bxd5 21.Qxd5 Nc7 22.Qc4 b5
23.Qe2 Ne6 24.Nxe6 Qxe6 25.f4 e4 26.Qxb5 Bf8 27.Qe5 Qc8 28.Rc1 Qa6 29.Rc7 Rxc7
30.dxc7 Qb6+ 31.Kf1 Rd2 32.Bc5 Bxc5 33.c8=Q Qb5+ {#R} 0-1

[Event "Ch Netherlands (open)"]
[Site "masterchessopen.com Dieren (Netherlands)"]
[Round "3"]
[White "Safin Shukhrat (UZB)"]
[Black "L'Ami Erwin (NED)"]
[Result "1-0"]
[WhiteElo "2529"]
[BlackElo "2438"]

1.d4 Nf6 2.c4 g6 3.g3 Bg7 4.Bg2 d5 5.cxd5 Nxd5 6.e4 Nb6 7.Ne2 O-O 8.O-O Nc6
9.d5 Nb8 10.Nbc3 c6 11.Re1 N8d7 12.h3 cxd5 13.exd5 Ne5 14.Nd4 Nec4 15.b3 Nd6
16.Bg5 Re8 17.Qd2 Nd7 18.Rac1 a6 19.Nf3 Nf6 20.Ne5 Bd7 21.Nxd7 Qxd7 22.Na4 Qd8
23.Nc5 Rc8 24.Bf4 Rc7 25.Qa5 Qc8 26.Ne6 Rxc1 27.Rxc1 Qd7 28.Nxg7 Kxg7 29.Rc7
Qf5 30.Qd2 Nde4 31.g4 Nxd2 32.gxf5 Nde4 33.fxg6 hxg6 34.Rxb7 Nc3 35.Be5 Nxa2
36.Bf1 a5 37.Bc4 Nb4 38.d6 e6 39.Bb5 Rd8 40.d7 Nd5 41.Rb8 {#r} 1-0

[Event "It (open)"]
[Site "masterchessopen.com Dubai (United Arab Emirates)"]
[Round "2"]
[White "Filippov Valerij (RUS)"]
[Black "Goloshchapov Alexander (UKR)"]
[Result "0-1"]
[WhiteElo "2616"]
[BlackElo "2523"]

1.c4 Nf6 2.d4 g6 3.g3 Bg7 4.Bg2 d5 5.cxd5 Nxd5 6.e4 Nb6 7.Ne2 c5 8.dxc5 Qxd1+
9.Kxd1 Na4 10.Nbc3 Nxc5 11.Be3 Nba6 12.Kc2 f5 13.a3 O-O 14.Rad1 fxe4 15.b4 Nd3
16.Nxe4 Nb2 17.Rd4 Bxd4 18.Bxd4 Nc4 19.Kb3 Bg4 20.Nf4 e5 21.h3 Bd7 22.Kxc4
exd4 23.Nd6 Bc6 24.Bxc6 bxc6 25.Rd1 g5 26.Nd3 Nc7 27.f4 Nd5 28.Rg1 Rad8 29.Kc5
Nb6 30.Nf2 Kh8 31.Ng4 gxf4 32.Nh6 Rxd6 {#R} 0-1

[Event "It (cat.5)"]
[Site "masterchessopen.com Griesheim (Germany)"]
[Round "1"]
[White "Jirka Jiri (CZE)"]
[Black "Marchio Enrico (GER)"]
[Result "1-0"]
[WhiteElo "2370"]
[BlackElo "2288"]

1.d4 Nf6 2.c4 g6 3.g3 d5 4.cxd5 Nxd5 5.Bg2 Bg7 6.e4 Nb6 7.Ne2 c5 8.d5 e6 9.O-O
exd5 10.exd5 O-O 11.Nec3 Bf5 12.g4 Bxb1 13.Rxb1 N8d7 14.Ne4 c4 15.Bg5 f6
16.Bf4 Ne5 17.Nc5 Rf7 18.d6 Rb8 19.Bxe5 fxe5 20.Bd5 Nxd5 21.Qxd5 b6 22.Ne6 Qd7
23.f4 e4 24.Ng5 Qxg4+ 25.Kh1 Rb7 26.Rbe1 Bxb2 27.Rxe4 Kg7 28.Nxf7 Rxf7 29.Re7
Rxe7 30.dxe7 Qe2 31.Rg1 Qxe7 32.Qxc4 Qb7+ 33.Rg2 Qf3 34.Qe2 Qxe2 35.Rxe2 Ba3
36.Rd2 a5 37.Rd7+ Kf6 38.Rxh7 Kf5 39.Rf7+ Ke6 40.Rb7 Kf5 {#r} 1-0

[Event "Ch World (juniors) (under 16)"]
[Site "masterchessopen.com Heraklio (Greece)"]
[Round "1"]
[White "Pantsulaia Levan (GEO)"]
[Black "Garcia Eduardo (COL)"]
[Result "1-0"]
[WhiteElo "2457"]
[BlackElo "2164"]

1.d4 Nf6 2.c4 g6 3.g3 Bg7 4.Bg2 d5 5.cxd5 Nxd5 6.e4 Nb6 7.Ne2 O-O 8.O-O Nc6
9.d5 Na5 10.Nbc3 c6 11.Bf4 cxd5 12.exd5 Nac4 13.b3 Nd6 14.Rc1 Bd7 15.Qd2 Rc8
16.Bh6 Nb5 17.Bxg7 Kxg7 18.Ne4 Kg8 19.Qh6 Rxc1 20.Ng5 Rxf1+ 21.Bxf1 {#r} 1-0

[Event "It (cat.9)"]
[Site "masterchessopen.com Krasnodar (Russia)"]
[Round "0"]
[White "Gukasian Rudolf (RUS)"]
[Black "Stambulian Arsen (ARM)"]
[Result "0-1"]
[WhiteElo "2389"]
[BlackElo "2453"]

1.c4 Nf6 2.d4 g6 3.g3 Bg7 4.Bg2 d5 5.cxd5 Nxd5 6.e4 Nb6 7.Ne2 O-O 8.O-O c5
9.d5 e6 10.Nbc3 exd5 11.exd5 Na6 12.h3 Bd7 13.b3 Re8 14.Bf4 Rc8 15.Qd2 c4
16.Bg5 f6 17.Bh6 Nc5 18.Bxg7 Kxg7 19.Nd4 f5 20.Ncb5 Qf6 21.Qf4 Ne4 22.Bxe4
Rxe4 23.Qd6 Qxd6 24.Nxd6 Rxd4 25.Nxc8 Nxc8 26.bxc4 Rxc4 27.Rfc1 Nd6 28.f4 Kf6
29.Kf2 Ke7 30.Ke3 Re4+ 31.Kf3 Nc4 32.Rd1 Kd6 33.Rd3 b5 34.a3 a5 35.g4 g5 {#R}
0-1

[Event "Ch Croatia (team)"]
[Site "masterchessopen.com Medulin (Croatia)"]
[Round "7"]
[White "Bukal Vladimir Jr (CRO)"]
[Black "Rade Miroslav (CRO)"]
[Result "0-1"]
[WhiteElo "2396"]
[BlackElo "2390"]

1.d4 Nf6 2.c4 g6 3.g3 Bg7 4.Bg2 d5 5.cxd5 Nxd5 6.e4 Nb6 7.Ne2 O-O 8.O-O e5
9.d5 c6 10.Nbc3 cxd5 11.exd5 Re8 12.a4 Na6 13.b3 e4 14.d6 Bg4 15.Bb2 Rc8 16.a5
Nd7 17.Na4 Rc6 18.Bxg7 Kxg7 19.Nac3 Nf6 20.Nb5 Re5 21.h3 Rxb5 22.hxg4 Rxd6
23.Qb1 Rxa5 24.b4 Rb5 25.Ra4 Qb6 26.Qa1 Kg8 27.Nc3 Rg5 28.b5 Nc5 29.Rxa7 Rxg4
30.Ra8+ Kg7 31.Kh2 Nb3 32.Qa3 Nd2 33.Rd1 Qxf2 34.Qxd6 Rh4+ 35.gxh4 Nf3+ {#R}
0-1

[Event "It (open) \"]
[Site "masterchessopen.com Moscow (Russia)"]
[Round "4"]
[White "Khurtsidze Nino (GEO)"]
[Black "Vokarev Sergey (RUS)"]
[Result "0-1"]
[WhiteElo "2433"]
[BlackElo "2500"]

1.d4 Nf6 2.c4 g6 3.g3 Bg7 4.Bg2 d5 5.cxd5 Nxd5 6.e4 Nb6 7.Ne2 c5 8.d5 e6 9.O-O
exd5 10.exd5 O-O 11.Nbc3 Na6 12.h3 Nc4 13.b3 Nd6 14.Bb2 b6 15.Qd2 Nc7 16.Rad1
Ba6 17.Rfe1 Bxe2 18.Nxe2 Re8 19.Bxg7 Kxg7 20.b4 cxb4 21.Qxb4 Qf6 22.Nd4 Na6
23.Qa3 Nc5 24.Rxe8 Rxe8 25.Qxa7 Nde4 26.Nf3 Nc3 {#R} 0-1

[Event "It (cat.6)"]
[Site "masterchessopen.com Oslo (Norway)"]
[Round "1"]
[White "Johannessen Leif Erlend (NOR)"]
[Black "Bae Torstein (NOR)"]
[Result "1-0"]
[WhiteElo "2527"]
[BlackElo "2349"]

1.d4 Nf6 2.c4 g6 3.g3 d5 4.cxd5 Nxd5 5.Bg2 Bg7 6.e4 Nb6 7.Ne2 O-O 8.O-O Nc6
9.d5 Na5 10.Nbc3 c6 11.b3 cxd5 12.exd5 Bg4 13.f3 Bd7 14.Ba3 Nc8 15.Rc1 Nd6
16.Kh1 b5 17.Ne4 Nab7 18.Qd2 Qb6 19.Nc5 Rfd8 20.f4 a5 21.Nxb7 Qxb7 22.Nd4 Re8
23.Ne6 Ne4 24.Bxe4 Bxe6 25.Qg2 Bf5 26.Bf3 b4 27.g4 Bd3 28.Rfd1 Qb5 29.Bb2 Bxb2
30.Qxb2 Rac8 31.Rc6 Red8 32.Qe5 Be4 33.Qxe4 Rxc6 34.Be2 Rxd5 35.Rxd5 Rc1+
36.Kg2 Qb6 37.Rd1 Rc3 38.Qxe7 Kg7 39.Qe5+ Kg8 40.Qd4 Qxd4 41.Rxd4 Rc2 42.Kf3
Rxa2 43.Bc4 Rxh2 44.Rd8+ Kg7 45.Rd7 Rc2 46.Rxf7+ Kh8 47.g5 {#r} 1-0

[Event "It (open)"]
[Site "masterchessopen.com Ostrava (Czech Republic)"]
[Round "5"]
[White "Lahner Jakub (CZE)"]
[Black "Smistik Milan (CZE)"]
[Result "0-1"]
[WhiteElo "2241"]
[BlackElo "2263"]

1.d4 Nf6 2.c4 g6 3.g3 Bg7 4.Bg2 d5 5.cxd5 Nxd5 6.e4 Nb6 7.Ne2 O-O 8.O-O e5
9.d5 c6 10.Nbc3 cxd5 11.exd5 Na6 12.b3 Bg4 13.f3 Bd7 14.Ba3 Re8 15.Ne4 Nc8
16.Qd2 f5 17.Nc5 Nxc5 18.Bxc5 Bb5 19.Rfe1 b6 20.Ba3 Bxe2 21.Rxe2 Nd6 22.Rae1
Nb5 23.Bb2 Qd6 24.Qd1 Rac8 25.Rd2 Nc3 26.Qa1 Nxd5 27.Kh1 Qc5 28.f4 Ne3 29.Rde2
Nc2 30.Rxc2 Qxc2 31.Bd5+ Kh8 32.fxe5 Red8 33.Rc1 Qf2 34.Rf1 Qc5 35.Bb7 Rc7
36.Rc1 Qe7 37.Bc6 Rdc8 {#R} 0-1

[Event "It (open)"]
[Site "masterchessopen.com Pardubice (Czech Republic)"]
[Round "9"]
[White "Jirka Jiri (CZE)"]
[Black "Belov Vladimir (RUS)"]
[Result "0-1"]
[WhiteElo "2370"]
[BlackElo "2540"]

1.d4 Nf6 2.c4 g6 3.g3 Bg7 4.Bg2 d5 5.cxd5 Nxd5 6.e4 Nb6 7.Ne2 Bg4 8.f3 Be6
9.O-O Bc4 10.Nbc3 O-O 11.Be3 e5 12.dxe5 Bxe5 13.Rf2 Nc6 14.f4 Bg7 15.Bc5 Qxd1+
16.Rxd1 Rfd8 17.Re1 Rd2 18.b3 Bxe2 19.Rexe2 Rxe2 20.Nxe2 Rd8 21.e5 f6 22.exf6
Bxf6 23.g4 Rd1+ 24.Bf1 Nd5 25.Rf3 Kg7 26.g5 Bd4+ 27.Nxd4 Nxd4 28.Rf2 Nxf4
29.Bxd4+ Rxd4 30.Rf3 Nd5 31.h3 c6 32.a4 h6 33.gxh6+ Kxh6 34.Kf2 Kg5 35.Kg3 Ne7
36.Rf7 Nf5+ 37.Kf2 Rf4+ 38.Ke1 Rb4 39.Bc4 Nd6 40.Rd7 Nxc4 41.bxc4 a5 42.c5
Rxa4 43.Rxb7 Rc4 44.Ra7 Rxc5 45.Kf2 Kf4 46.Rf7+ Ke4 47.Re7+ Re5 48.Rc7 Kd5
49.h4 Kc5 50.Rg7 Re6 {#R} 0-1

[Event "Cup Tan Chin Nam"]
[Site "masterchessopen.com Qingdao (China)"]
[Round "5"]
[White "Xu Jun (CHN)"]
[Black "Ni Hua (CHN)"]
[Result "1-0"]
[WhiteElo "2626"]
[BlackElo "2533"]

1.d4 Nf6 2.c4 g6 3.g3 Bg7 4.Bg2 d5 5.cxd5 Nxd5 6.e4 Nb6 7.Ne2 c5 8.d5 e6 9.O-O
O-O 10.Nec3 Na6 11.Na3 exd5 12.exd5 Bf5 13.Be3 c4 14.Bxb6 Qxb6 15.Nxc4 Qb4
16.Qe2 Nc5 17.Rad1 Bxc3 18.bxc3 Qxc3 19.Rc1 Qf6 20.Rfd1 Rac8 21.Ne3 Na4 22.d6
Nc3 23.Rxc3 Qxc3 24.Nxf5 gxf5 25.d7 Rcd8 26.Bxb7 Qc7 27.Bc8 Rxc8 28.dxc8=Q
Rxc8 29.Qh5 Qc5 30.Qg5+ Kh8 31.Qf6+ Kg8 32.h4 Re8 33.Rd7 Qc4 34.Qg5+ Kf8
35.Qxf5 Qxa2 36.Qxh7 Qa1+ 37.Kg2 Qf6 38.Qc2 a6 39.Qc5+ Kg7 40.Rd5 Qe7 41.Qd4+
Kh7 42.Kh2 Ra8 43.Qg4 {#r} 1-0

[Event "Ch Poland"]
[Site "masterchessopen.com Warsaw (Poland)"]
[Round "3"]
[White "Grabarczyk Miroslaw (POL)"]
[Black "Bobras Piotr (POL)"]
[Result "1-0"]
[WhiteElo "2506"]
[BlackElo "2441"]

1.d4 Nf6 2.c4 g6 3.g3 Bg7 4.Bg2 d5 5.cxd5 Nxd5 6.e4 Nb6 7.Ne2 c5 8.d5 e6 9.O-O
exd5 10.exd5 O-O 11.Nec3 Na6 12.Nd2 Bf5 13.Nde4 Qd7 14.Bh6 Rad8 15.Bg5 f6
16.Be3 Nc4 17.Bxc5 Nxc5 18.Nxc5 Qc8 19.Qd4 Nxb2 20.Nb5 b6 21.Qxb2 Qxc5 22.Rac1
Qe7 23.Rfe1 Qf7 24.Rc7 Rd7 25.Nd6 {#r} 1-0

[Event "Ch Poland"]
[Site "masterchessopen.com Warsaw (Poland)"]
[Round "13"]
[White "Kempinski Robert (POL)"]
[Black "Bobras Piotr (POL)"]
[Result "1-0"]
[WhiteElo "2545"]
[BlackElo "2441"]

1.d4 Nf6 2.c4 g6 3.g3 Bg7 4.Bg2 d5 5.cxd5 Nxd5 6.e4 Nb6 7.Ne2 c5 8.d5 e6 9.O-O
O-O 10.Nec3 Na6 11.a4 exd5 12.exd5 Bf5 13.Na3 Nb4 14.Be3 Rc8 15.d6 Bd3 16.a5
Nd7 17.Bxb7 Ne5 18.Re1 Qxd6 19.Bxc8 Qc6 20.Bg4 h5 21.Bh6 hxg4 22.Rxe5 Bxh6
23.Qxg4 Bg7 24.Ree1 Bf5 25.Qc4 Nd3 26.Nd5 Kh7 27.Re3 Nxb2 28.Qh4+ Bh6 29.Ne7
Qd7 30.Nxf5 Qxf5 31.Re2 Nd3 32.Nc4 Kg7 33.Qe4 Qf6 34.Rd1 Nc1 35.Ree1 Nb3
36.Rd6 Qc3 37.Qe5+ Qxe5 38.Rxe5 Rb8 39.Re7 {#r} 1-0

[Event "It (open)"]
[Site "masterchessopen.com Nyiregyhaza (Hungary)"]
[Date "2002.06.30"]
[Round "2"]
[White "Blazsik Zoltan (HUN)"]
[Black "Emodi Barnabas (HUN)"]
[Result "0-1"]
[WhiteElo "2113"]
[BlackElo "2364"]

1.d4 Nf6 2.c4 g6 3.g3 Bg7 4.Bg2 d5 5.cxd5 Nxd5 6.e4 Nb6 7.Ne2 O-O 8.O-O c6
9.Nbc3 f5 10.Qb3+ Kh8 11.e5 Na6 12.Rd1 Nc7 13.Nf4 Qe8 14.h4 e6 15.a4 Nd7 16.a5
a6 17.Be3 Rg8 18.Rac1 h6 19.Na4 g5 20.hxg5 hxg5 21.Ne2 Bh6 22.Bd2 Qg6 23.Bxc6
bxc6 24.Rxc6 Rb8 25.Qc4 Nd5 26.Qxd5 exd5 27.Rxg6 Rxg6 {#R} 0-1

[Event "It (open)"]
[Site "masterchessopen.com Batumi (Georgia)"]
[Round "3"]
[White "Grigorian Arusiak (ARM)"]
[Black "Guramishvili Sopiko (GEO)"]
[Result "1-0"]
[WhiteElo "2131"]
[BlackElo "2132"]

1.d4 Nf6 2.c4 g6 3.g3 Bg7 4.Bg2 d5 5.cxd5 Nxd5 6.e4 Nb6 7.Ne2 O-O 8.O-O Nc6
9.d5 Na5 10.Nbc3 c6 11.b3 cxd5 12.exd5 Bg4 13.Bb2 Nbc4 14.bxc4 Nxc4 15.Qb3
Bxe2 16.Nxe2 Nxb2 17.Qxb7 Nc4 18.Rac1 Nd6 19.Qc7 Bf6 20.Nf4 Bg5 21.Rfe1 Qb8
22.h4 Bf6 23.Bh3 Nb5 24.Qd7 Nc3 25.h5 Nxa2 26.hxg6 hxg6 27.Qg4 Kh7 28.Rc6 Nb4
29.Nxg6 Nxc6 30.Nxf8+ Qxf8 31.dxc6 e6 32.Qh5+ Kg8 33.Re4 Qd6 34.Rxe6 fxe6
35.Qg6+ Kf8 36.Qxf6+ Ke8 37.Qh8+ Qf8 38.Qe5 a5 39.Qxe6+ Qe7 40.Qg8+ Qf8
41.Qxf8+ Kxf8 42.c7 a4 43.c8=Q+ Rxc8 44.Bxc8 {#r} 1-0

[Event "Ch Serbia & Montenegro (team) (2 league)"]
[Site "masterchessopen.com Belgrade (Yugoslavia)"]
[Round "6"]
[White "Pavlovic Dragoljub (SRB)"]
[Black "Vukanovic Sasa (SRB)"]
[Result "0-1"]
[WhiteElo "2252"]
[BlackElo "2343"]

1.d4 Nf6 2.c4 g6 3.g3 Bg7 4.Bg2 d5 5.cxd5 Nxd5 6.e4 Nb6 7.Ne2 c5 8.d5 e6
9.Nbc3 O-O 10.O-O Na6 11.h3 h5 12.dxe6 Bxe6 13.Qxd8 Raxd8 14.Bg5 f6 15.Bc1 Bc4
16.Re1 Rfe8 17.Be3 Bf7 18.Rad1 Nc4 19.Bc1 Nb4 20.Nf4 Ne5 21.Nfd5 Ned3 22.Rf1
Nxc1 23.Rxc1 f5 24.Rfd1 fxe4 25.Nxb4 cxb4 26.Nxe4 Bxb2 27.Rxd8 Rxd8 28.Rc7 a5
{#R} 0-1

[Event "It (open)"]
[Site "masterchessopen.com Cappelle la Grande (France)"]
[Round "1"]
[White "Rausis Igors (CZE)"]
[Black "Brustman Agnieszka (POL)"]
[Result "1-0"]
[WhiteElo "2498"]
[BlackElo "2334"]

1.d4 Nf6 2.c4 g6 3.g3 Bg7 4.Bg2 d5 5.cxd5 Nxd5 6.e4 Nb6 7.Ne2 e5 8.d5 c6 9.O-O
cxd5 10.exd5 O-O 11.Nec3 Bf5 12.Na3 Qd7 13.Be3 Nc8 14.Rc1 Bh3 15.Ne4 Bxg2
16.Kxg2 b6 17.Qb3 Kh8 18.Rfd1 h6 19.d6 Na6 20.Qb5 Qb7 21.f3 f5 22.d7 fxe4
23.d8=Q exf3+ 24.Kf2 Qe4 25.Qbd5 Qg4 26.Qxa8 Qh5 27.Qh4 {#r} 1-0